000
00311nam a22001337a 4500
008
181217b xxu||||| |||| 00| 0 eng d
020
_a
9780071788229
041
_a
eng
080
_a
339.138
100
_a
60
101
_a
MAR
245
_a
The Old Rules of Marketing are Dead
_c
Pearson,T.R
942
_2
udc
_c
BK
999
_c
53149
_d
53149